| Tag |
First Indicator |
Second Indicator |
Subfields |
| LEADER |
00000cgm a2200000Mi 4500 |
| 001 |
in00005604921 |
| 006 |
m o c |
| 007 |
cr |n||||||||a |
| 007 |
vz |za|z| |
| 008 |
230921s2017 dcu044 e o vneng d |
| 005 |
20241201234452.2 |
| 035 |
|
|
|a (OCoLC)on1402792470
|
| 040 |
|
|
|a ALSTP
|b eng
|e rda
|c ALSTP
|d OCLCO
|d OCLCF
|d OCLCO
|d DXU
|
| 019 |
|
|
|a 1443992381
|
| 035 |
|
|
|a (OCoLC)1402792470
|z (OCoLC)1443992381
|
| 043 |
|
|
|a e-uk-en
|
| 049 |
|
|
|a TXAM
|
| 245 |
0 |
0 |
|a Facing the fire.
|n Episode 16,
|p Unforeseen /
|c producer/directors, Lucy Fyson, Tom Olney, Elizabeth Toms ; series producer, Nick Kenton ; UKTV original production by IMG Productions.
|
| 264 |
|
1 |
|a [Washington, District of Columbia] :
|b MagellanTV,
|c 2017.
|
| 300 |
|
|
|a 1 online resource (44 minutes)
|
| 306 |
|
|
|a 004346
|
| 336 |
|
|
|a two-dimensional moving image
|b tdi
|2 rdacontent
|
| 337 |
|
|
|a computer
|b c
|2 rdamedia
|
| 337 |
|
|
|a video
|b v
|2 rdamedia
|
| 338 |
|
|
|a online resource
|b cr
|2 rdacarrier
|
| 347 |
|
|
|a video file
|2 rdaft
|
| 490 |
0 |
|
|a Academic Video Online
|
| 500 |
|
|
|a Title from resource description page (viewed September 21, 2023).
|
| 511 |
0 |
|
|a Narrator: Don Gilet.
|
| 520 |
|
|
|a Firefighters from Walsall fire station are called to a potentially lethal lorry fire on the M6, one of Britain's busiest motorways. With the fire growing, the crew has no option back to close all three lanes, as they race to get the blaze under control and search for the driver. Sheldon Blue Watch are called to a house fire that suddenly becomes a crime scene when the crew make a shocking discovery. An off-duty firefighter is the first on the scene when a ceiling collapses at a primary school prom. Twenty firefighters race to the scene to search for casualties.
|
| 546 |
|
|
|a In English.
|
| 610 |
2 |
0 |
|a West Midlands Fire Service.
|
| 610 |
2 |
7 |
|a West Midlands Fire Service
|2 fast
|
| 650 |
|
0 |
|a Fire fighters
|z England
|z Walsall.
|
| 650 |
|
0 |
|a Fire departments
|z England
|z West Midlands.
|
| 650 |
|
0 |
|a Fire risk assessment
|z England
|z Walsall.
|
| 650 |
|
0 |
|a Fire management
|z England
|z Walsall.
|
| 650 |
|
0 |
|a Fire prevention
|z England
|z Walsall.
|
| 650 |
|
6 |
|a Services des incendies
|z Angleterre
|z West Midlands.
|
| 650 |
|
7 |
|a Fire departments
|2 fast
|
| 650 |
|
7 |
|a Fire fighters
|2 fast
|
| 650 |
|
7 |
|a Fire management
|2 fast
|
| 650 |
|
7 |
|a Fire prevention
|2 fast
|
| 650 |
|
7 |
|a Fire risk assessment
|2 fast
|
| 651 |
|
7 |
|a England
|z Walsall
|2 fast
|
| 651 |
|
7 |
|a England
|z West Midlands
|2 fast
|
| 655 |
|
7 |
|a Documentary television programs
|2 fast
|
| 655 |
|
7 |
|a Documentary television programs.
|2 lcgft
|
| 655 |
|
7 |
|a Documentaires télévisés.
|2 rvmgf
|
| 700 |
1 |
|
|a Toms, Elizabeth,
|e director,
|e producer.
|
| 700 |
1 |
|
|a Kenton, Nick,
|e producer.
|
| 700 |
1 |
|
|a Olney, Tom,
|e director,
|e producer.
|
| 700 |
1 |
|
|a Fyson, Lucy,
|e director,
|e producer.
|
| 700 |
1 |
|
|a Gilet, Don,
|d 1967-
|e narrator.
|
| 710 |
2 |
|
|a IMG Productions,
|e production company.
|
| 710 |
2 |
|
|a MagellanTV,
|e publisher.
|
| 710 |
2 |
|
|a Alliant Content (Firm),
|e film distributor.
|
| 710 |
2 |
|
|a UKTV Documentary (Television channel),
|e production company.
|
| 710 |
2 |
|
|a DCD Rights (Firm),
|e film distributor.
|
| 856 |
4 |
0 |
|u http://proxy.library.tamu.edu/login?url=https://www.aspresolver.com/aspresolver.asp?MARC;5491544
|z Connect to this streaming video (Alexander Street Press)
|t 0
|
| 955 |
|
|
|a Alexander Street Press subscription streaming video
|
| 994 |
|
|
|a 92
|b TXA
|
| 999 |
f |
f |
|s 40a292b6-4c72-420d-9d53-6da80d1ea807
|i 9fbb2e12-238e-4b1d-8982-40c446d2067f
|t 0
|
| 952 |
f |
f |
|a Texas A&M University
|b College Station
|c Electronic Resources
|d Available Online
|t 0
|h Library of Congress classification
|
| 998 |
f |
f |
|t 0
|l Available Online
|